<?xml version="1.0" encoding="UTF-8"?>
<record
    xmlns:xsi="http://www.w3.org/2001/XMLSchema-instance"
    xsi:schemaLocation="http://www.loc.gov/MARC21/slim http://www.loc.gov/standards/marcxml/schema/MARC21slim.xsd"
    xmlns="http://www.loc.gov/MARC21/slim">

  <leader>00347nam a2200109Ia 4500</leader>
  <controlfield tag="008">180315s9999    xx            000 0 und d</controlfield>
  <datafield tag="020" ind1=" " ind2=" ">
    <subfield code="a">9781591846901</subfield>
  </datafield>
  <datafield tag="100" ind1=" " ind2=" ">
    <subfield code="a">Downes, Larry</subfield>
  </datafield>
  <datafield tag="245" ind1=" " ind2=" ">
    <subfield code="c">Nunes, Paul</subfield>
    <subfield code="a">Big Bang disruption :</subfield>
    <subfield code="b">Strategy in the age of devastating innovation</subfield>
  </datafield>
  <datafield tag="260" ind1=" " ind2=" ">
    <subfield code="a">New York :</subfield>
    <subfield code="b">2014</subfield>
    <subfield code="c">Penguin group</subfield>
  </datafield>
  <datafield tag="300" ind1=" " ind2=" ">
    <subfield code="a">vii, 247 pages</subfield>
  </datafield>
  <datafield tag="999" ind1=" " ind2=" ">
    <subfield code="c">356293</subfield>
    <subfield code="d">356293</subfield>
  </datafield>
  <datafield tag="952" ind1=" " ind2=" ">
    <subfield code="0">0</subfield>
    <subfield code="1">0</subfield>
    <subfield code="4">0</subfield>
    <subfield code="a">CL</subfield>
    <subfield code="b">CL</subfield>
    <subfield code="c">GSL</subfield>
    <subfield code="d">2018-03-15</subfield>
    <subfield code="e">Library Fund</subfield>
    <subfield code="l">2</subfield>
    <subfield code="o">HD 62.5 .D748 2014</subfield>
    <subfield code="p">C21397</subfield>
    <subfield code="r">2018-05-03 00:00:00</subfield>
    <subfield code="s">2018-04-02</subfield>
    <subfield code="w">2018-03-15</subfield>
    <subfield code="y">BK</subfield>
  </datafield>
</record>
